Rob's General Knowledge - Multiple Choice #1 - Statistics

General Stats
  • This quiz has been taken 30 times
  • The average score is 8 of 15
Answer Stats
Question Answer % Correct
Which dictator did the CIA attempt to assassinate using an exploding cigar? Fidel Castro
100%
Abarth is a subsidiary of which car manufacturer? Fiat
80%
Which of the following is NOT one of the ghosts in Pac-Man? Kinky
80%
Forrest Gump was from which US state? Alabama
60%
How did Al Capone die? Complications from syphilis
60%
The Velvet Revolution resulted in the toppling of the communist regime in which country? Czechoslovakia
60%
What is the more common name of the eye condition amblyopia? Lazy eye
60%
Which of the following is NOT one of the colleges of the University of Cambridge? Oriel
60%
Which of the following Romans was NOT part of the First Triumvirate? Sulla
60%
What does Samuel L. Jackson's middle initial stand for? Leroy
40%
Which of the following cheeses is NOT included in a traditional Quattro Formaggi pizza? Ricotta
40%
Under the US Constitution, if both the President and Vice-President are incapacitated, who becomes Acting President? Speaker of the House
40%
What was the pen name of the British espionage writer David Cornwell? John le Carré
20%
Absolut Vodka is produced in which country? Sweden
20%
Who was the only English pope? Adrian IV
0%
No matching quizzes found
Score Distribution
Percent of People with Each Score
Percentile by Number Answered
Your Score History
You have not taken this quiz